ბათუმის შოთა რუსთაველის სახელმწიფო უნივერსიტეტის ბიბლიოთეკა

Textbook ofOral Anatomy, Histology, Physiologyand Tooth Morphology / (ბიბ.ჩანაწერი № 61263)

000 -LEADER
fixed length control field 00766nam a22002177a 4500
005 - DATE AND TIME OF LATEST TRANSACTION
control field 20240117130555.0
008 - FIXED-LENGTH DATA ELEMENTS--GENERAL INFORMATION
fixed length control field 240117s2022 enk||||| |||| 00| 0 eng d
020 ## - INTERNATIONAL STANDARD BOOK NUMBER
International Standard Book Number 9789393553270
041 ## - LANGUAGE CODE
Language code of text/sound track or separate title eng
080 ## - UNIVERSAL DECIMAL CLASSIFICATION NUMBER
Universal Decimal Classification number 616.31 R-22
100 ## - MAIN ENTRY--PERSONAL NAME
Personal name Rajkumar, K.
9 (RLIN) 21058
245 ## - TITLE STATEMENT
Title Textbook ofOral Anatomy, Histology, Physiologyand Tooth Morphology /
Statement of responsibility, etc. K. Rajkumar , R. Ramya.
250 ## - EDITION STATEMENT
Edition statement 3rd edition
264 ## - PRODUCTION, PUBLICATION, DISTRIBUTION, MANUFACTURE, AND COPYRIGHT NOTICE
Place of production, publication, distribution, manufacture Gurgaon
Name of producer, publisher, distributor, manufacturer Wolters Kluwer,
Date of production, publication, distribution, manufacture, or copyright notice 2022.
300 ## - PHYSICAL DESCRIPTION
Extent 864 p.:
Other physical details ill.;
Dimensions 25 cm.
653 ## - INDEX TERM--UNCONTROLLED
keyword პირის ღრუს ანატომია
653 ## - INDEX TERM--UNCONTROLLED
keyword კბილის მორფოლოგია
653 ## - INDEX TERM--UNCONTROLLED
keyword პირის ღრუს ჰისტოლოგია
700 ## - ADDED ENTRY--PERSONAL NAME
Personal name Ramya, R.
Relator term ავტორი
9 (RLIN) 21059
942 ## - ADDED ENTRY ELEMENTS (KOHA)
Source of classification or shelving scheme
Koha item type წიგნი
ეგზემპლარები
Withdrawn status Lost status Source of classification or shelving scheme Damaged status Not for loan Permanent Location Current Location Shelving location Date acquired Cost, normal purchase price Full call number Barcode Date last seen Copy number Price effective from Koha item type Public note
          ბათუმის შოთა რუსთაველის სახელმწიფო უნივერსიტეტის მთავარი ბიბლიოთეკა ბათუმის შოთა რუსთაველის სახელმწიფო უნივერსიტეტის მთავარი ბიბლიოთეკა წიგნსაცავი 2024-01-17 212.00 616.31 R-22 67138 2024-01-17 67138 2024-01-17 წიგნი 212 ლ.
          ბათუმის შოთა რუსთაველის სახელმწიფო უნივერსიტეტის მთავარი ბიბლიოთეკა ბათუმის შოთა რუსთაველის სახელმწიფო უნივერსიტეტის მთავარი ბიბლიოთეკა წიგნსაცავი 2024-01-17 212.00 616.31 R-22 67137 2024-01-17 67137 2024-01-17 წიგნი 212 ლ.